00956cam a22002657a 4500001001000000003000500010005001700015008004100032010001000073011001000083035001100093040000900104100003600113245013500149260004100284300001000325502011300335650003300448650003400481650003100515650002500546650003700571856006600608856001600674000093644CHAP20241015134226.0050418d2005 mx r 00110 spa d a90110 a91082 a101640 cCHAP00aContreras Domínguez, Josafat.10aAnálisis comparativo de las políticas de apoyo al subsector lechero, México - Francia /c/por Josafat Contreras Domínguez. aChapingo, Méx. :bEl autor,c2005. a93 h. aTesis (Ing. Agr. Esp. en Economía Agrícola) - - UACH. División de Ciencias Económico Administrativas17aIndustria lecherazFrancia217aIndustria lecherazMéxico214aLechexMercadeozTlaxcala.14aLechexProducción.14aPolítica agrícolazMéxico. 3Finding aiduhttp://10.13.5.2/tesis/101640.pdfzTeclea aquí a1 n0001686